000 00491nam a22001817a 4500
003 CEME
005 20210628203238.0
008 210119b xxu||||| |||| 00| 0 eng d
020 _a0-89577-006-7
040 _cceme
082 _a808 WRI
100 _aReaders Digest
_964247
245 _aWrite better speak better
260 _aLAHORE
_bPAF BOOK CLUB
_c1977
300 _a730 P
650 _aENGLISH LANGUAGE RHETORIC, ENGLISH LANGUAGE USAGE, PUBLIC SPEAKING
_964248
942 _cBK
_2ddc
999 _c572807
_d572807